Star Trek: The Next Generation Ultra Hard Quiz - Statistics

General Stats
  • This quiz has been taken 163 times
  • The average score is 11 of 33
Answer Stats
Hint Answer % Correct
What terran beverage does Worf label "a warrior's drink"? Prune juice
75%
Lursa and B'Etor were members of what Klingon house? Duras
73%
What is the nickname of Reginald Barclay? Broccoli
70%
After the Enterprise collides with a quantum filament, who is left in charge on the bridge? Counselor Troi
68%
What group does Ensign Ro join, leaving Starfleet in the process? Maquis
59%
What is the name of Lwaxana Troi's silent servant? Mr. Homn
59%
What is the name of the main character in the holonovels Picard enjoys? Dixon Hill
57%
What giant construct is discovered in the episode "Relics"? Dyson's Sphere
53%
What famous actress plays Wesley's love interest, Robin Lefler? Ashley Judd
44%
What was the name of the first human-made warp-capable starship? Phoenix
44%
USS Melbourne
39%
How many years did Picard command the Stargazer? 22
38%
In 2353, Dr. Pulaski had an affair with what other Starfleet officer? Kyle Riker (Will Riker's Father)
38%
What class of ship was the Enterprise - E? Sovereign
37%
How many times has Guinan been married? 23
36%
What was the name of the ship on which Data died? Scimitar
32%
What toy does the Enterprise send to the Ferengi in "The Last Outpost"? Chinese Fingertrap
30%
USS Titan
30%
What disease is Sarek suffering from in "Sarek"? Bendii Syndrome
26%
What is the name of Counselor Troi's sister who died when she was an infant? Kestra
26%
Who is Data's girlfriend in the episode, "In Theory"? Jenna D'Sora
23%
Darmok and Jalad at Tanagra? Shaka, when the walls fell
23%
In the episode "The Conundrum", the crew discovers they are supposedly at war with what race? Lysians
20%
What was the name of the man Troi was genetically bonded to marry? Wyatt Miller
18%
Cpt. Picard failed what class at the Academy (due to his relationship with A.F.)? Organic Chemistry
15%
USS Aries
15%
What is the name of Gowron's flagship during the Klingon Civil War? IKS Bortas
14%
Who was Beverly Crusher raised by? Felisa Howard, her grandmother
12%
What race is The Traveler? Tau Alphan
12%
What was the name of the first ship Picard was assigned to? USS Reliant
12%
What ship did LaForge first serve on? USS Victory
11%
What profession was LaForge's father? Exozoologist
9%
What four ships was Riker offered to command while he was aboard the Enterprise? USS Drake
8%
No matching quizzes found
Score Distribution
Percent of People with Each Score
Percentile by Number Answered
Your Score History
You have not taken this quiz